-
RAY,P , GUPTA ,H.N AND ROY .M
Entry Personal Name
Number of records used in: 2
001 - CONTROL NUMBER
003 - CONTROL NUMBER IDENTIFIER
005 - DATE AND TIME OF LATEST TRANSACTION
- control field:
20260226153651.0
008 - FIXED-LENGTH DATA ELEMENTS
- fixed length control field:
260226|| aca||aabn | a|a d
040 ## - CATALOGING SOURCE
- Original cataloging agency:
JRU
- Transcribing agency:
JRU
100 ## - HEADING--PERSONAL NAME
- Personal name:
RAY,P , GUPTA ,H.N AND ROY .M
670 ## - SOURCE DATA FOUND
- Source citation:
Work cat.: (JRU)9037: RAY,P , GUPTA ,H.N AND ROY .M, SISAYADHIVRDDHIDA TANTRA OF LALLA, 1981